000 00524cam a22001217a 4500
008 180718b1968 xxu||||| |||| 00| 0 eng d
082 _aK5:B73 L964
245 _aTraining in municipal administraion
_cby Regional Centre for Research amd Training in Municipal Administration, India
260 _aLucknow
_bInstitute of Public Administration
_c1968
300 _a81p.
650 _aMunicipal administraion --Employees --Training of --India
700 _aIndia. Regional Centre for Research amd Training in Municipal Administration
999 _c500827
_d500827